QWERTY Keyboard Pick Quiz Stats

Quiz Updated Jan 22, 2016

Challenge
Share
Tweet
Score 0/26 Timer 01:00
6 Plays Today
% Correct
Q
78%
A
77.9%
S
76.6%
W
76%
Z
74.7%
D
74.6%
E
74.3%
R
73.1%
F
71.9%
P
71.9%
T
71.8%
X
71.6%
G
70.6%
% Correct
Y
70.5%
N
70.4%
O
69.5%
H
69.3%
C
68.4%
K
68.1%
L
68.1%
U
65.6%
M
65.4%
V
65.3%
I
65.3%
J
65.2%
B
61.3%

You're not logged in!

Compare scores with friends on all Sporcle quizzes.
Sign Up with Email
OR
Log In

You Might Also Like...

Show Comments

Extras

Top Quizzes Today


Score Distribution

Your Account Isn't Verified!

In order to create a playlist on Sporcle, you need to verify the email address you used during registration. Go to your Sporcle Settings to finish the process.